Generalbassübungen: Einführung auf Grund zeitgenössischer Generalbass-Schulen und systematische Ubungen nach Klassischen Beispielen
محفوظ في:
| المؤلفون الرئيسيون: | , |
|---|---|
| التنسيق: | كتاب |
| اللغة: | الألمانية |
| منشور في: |
Düsseldorf
Musikverlag Schwann
1954
|
| الموضوعات: | |
| الوسوم: |
إضافة وسم
لا توجد وسوم, كن أول من يضع وسما على هذه التسجيلة!
|
MARC
| LEADER | 00000nam a2200000 a 4500 | ||
|---|---|---|---|
| 001 | UCN2661 | ||
| 003 | CL-VaPUC | ||
| 008 | 010531e19540000GW |||||||||||||||||ger|d | ||
| 082 | 0 | 4 | |a 781.47 |b LEM |2 21 |
| 100 | |a Lemacher, Heinrich |e author |9 458767 | ||
| 700 | 0 | |a Schroeder, Hermann |e author |9 458768 | |
| 245 | 1 | 0 | |a Generalbassübungen: Einführung auf Grund zeitgenössischer Generalbass-Schulen und systematische Ubungen nach Klassischen Beispielen |
| 300 | |a 93 p | ||
| 942 | |c BK | ||
| 945 | |d 20010531 00:00:00 |a crobeson | ||
| 260 | |a Düsseldorf |b Musikverlag Schwann |c 1954 | ||
| 650 | 7 | |a BAJO CIFRADO |2 CL-VaPUC |9 458762 | |
| 650 | 0 | |a Armonía |9 306328 | |
| 650 | 0 | |a Música estudio e instrucción |9 306355 | |
| 583 | |a last modification |c 20010531 00:00:00 |k Rodrigo Vera | ||
| 999 | |c 295716 |d 295714 | ||
| 952 | |0 0 |1 0 |4 0 |6 781_470000000000000_LEM_1954 |7 0 |8 A |9 349038 |a BIBEDU |b BIBEDU |d 2019-11-20 |i 1184970 |o 781.47 LEM 1954 |p 1184970 |r 2022-03-17 |w 2019-11-20 |y BK |k MUS | ||